Fr. Conceicao Rodrigues College of Engineering

Fundamentals of microfabrication: The science of miniaturization (Record no. 34210)

MARC details
000 -LEADER
fixed length control field 00392nam a2200169Ia 4500
082 ## - DEWEY DECIMAL CLASSIFICATION NUMBER
Classification number 621.38152
Item number MAD
100 ## - MAIN ENTRY--PERSONAL NAME
Personal name Madou/Marc J
250 ## - EDITION STATEMENT
Edition statement 2
245 ## - TITLE STATEMENT
Title Fundamentals of microfabrication: The science of miniaturization
260 ## - PUBLICATION, DISTRIBUTION, ETC.
Name of publisher, distributor, etc. CRC Press
Date of publication, distribution, etc. 2001
366 ## - TRADE AVAILABILITY INFORMATION
Publishers's discount category 25
300 ## - PHYSICAL DESCRIPTION
Extent 723
546 ## - LANGUAGE NOTE
Language note ENGLISH
-- PAMPHALETS
650 ## - SUBJECT ADDED ENTRY--TOPICAL TERM
Topical term or geographic name entry element microfabrication
942 ## - ADDED ENTRY ELEMENTS (KOHA)
Koha item type Reference Book
Holdings
Withdrawn status Lost status Damaged status Not for loan Collection Home library Current library Date acquired Source of acquisition Cost, normal purchase price Inventory number Total Checkouts Full call number Barcode Date last seen Cost, replacement price Price effective from Koha item type
        CRC Fr. Agnel's C.Rodrigues College of Engineering Fr. Agnel's C.Rodrigues College of Engineering 17/03/2023 Allied Publishers 1196.25 1052 dt 06.11.2015   621.38152 MAD 23876 17/03/2023 1595.00   Reference Book